000 00569nam a2200241Ia 4500
003 OSt
005 20220912152949.0
006 a|||||r|||| 00| 0
007 ta
008 220909b |||||||| |||| 00| 0 eng d
024 _a28023
037 _cTextual
040 _aCSL
_beng
_cCSL
041 _aeng
082 _aC6:B7:2, L2;1
100 _aMatveyev A N
245 0 _aPrinciples of electrodynamics
260 _c1966
300 _ap.
_ccm.
650 _aPhysics
942 _hC6:B7:2, L2;1
_cTEXL
_2CC
999 _c95028
_d95028